logo

Bir Sreshtho Munshi Abdur Rouf Library
Jhenaidah Cadet College

Scottish folk tales and legends / (Record no. 7252)

MARC details
000 -LEADER
fixed length control field 00695cam a2200253 a 4500
001 - CONTROL NUMBER
JCCL Control Number 7252
003 - CONTROL NUMBER IDENTIFIER
JCCL marc code BD-JhCC
005 - DATE AND TIME OF LATEST TRANSACTION
control field 20180422083404.0
008 - FIXED-LENGTH DATA ELEMENTS--GENERAL INFORMATION
fixed length control field 881012s1984 stk | |||| ||eng|
020 ## - INTERNATIONAL STANDARD BOOK NUMBER
International Standard Book Number 0946264953
029 ## - (OCLC)
OCLC library identifier R8501
035 ## - SYSTEM CONTROL NUMBER
system control number (BD-JhCC)7252
040 ## - CATALOGING SOURCE
Original cataloging agency BD-JhCC
Modifying agency BD-JhCC
041 ## - LANGUAGE CODE
Language code of Book eng
082 ## - DEWEY DECIMAL CLASSIFICATION NUMBER
Author mark and Year WIL 1963
Classification number 398.209411
100 1# - MAIN ENTRY--PERSONAL NAME
Personal name Wilson, Barbara Ker,
Dates associated with a name 1929-
245 10 - TITLE STATEMENT
Title Scottish folk tales and legends /
Statement of responsibility, etc by Barbara Ker Wilson ; new illustrations by David Whitton.
260 ## - PUBLICATION, DISTRIBUTION, ETC. (IMPRINT)
Place of publication, distribution, etc Midlothian :
Name of publisher, distributor, etc [Lang Syne],
Date of publication, distribution, etc 1984, c1954.
300 ## - PHYSICAL DESCRIPTION
Pagination 96p ;
Dimensions 21cm.
650 ## - SUBJECT ADDED ENTRY--TOPICAL TERM
Topical term or geographic name as entry element Folk literature, Scottish
650 ## - SUBJECT ADDED ENTRY--TOPICAL TERM
Topical term or geographic name as entry element Folklore
942 ## - ADDED ENTRY ELEMENTS (KOHA)
Source of classification or shelving scheme Dewey Decimal Classification
Koha item type Books
Holdings
Source of classification or shelving scheme Damaged status Not for loan Home library Current library Shelving location Total Checkouts Full call number Barcode Date last seen Copy number Koha item type
Dewey Decimal Classification     JCC Rouf Library JCC Rouf Library General Stacks   398.209411 WIL 1963 9786 02/06/2018 C - 1 Books

JCC Library | Contacts | JCC Home

Last Update on 23 September 2017
Copyright @ 2017-2020 JCC Rouf Library
Rouf Library, Jhenidah Cadet College (JCC), Bangladesh